Memoria 2009 (Record no. 9018)

MARC details
000 -LEADER
campo de control de longitud fija 00362nam a2200133Ia 4500
001 - NÚMERO DE CONTROL
campo de control 3478
008 - DATOS DE LONGITUD FIJA--INFORMACIÓN GENERAL
campo de control de longitud fija 241024s9999 xx 000 0 und d
082 ## - NÚMERO DE LA CLASIFICACIÓN DECIMAL DEWEY
Número de clasificación RD/370.97293/R426mem/2009
100 ## - ENTRADA PRINCIPAL--NOMBRE DE PERSONA
Nombre de persona República Dominicana.Ministerio de Educación MINERD.
245 #0 - MENCIÓN DEL TÍTULO
Título Memoria 2009
260 ## - PUBLICACIÓN, DISTRIBUCIÓN, ETC.
Nombre del editor, distribuidor, etc. Santo Domingo
Fecha de publicación, distribución, etc. 2009
901 ## - ELEMENTOS DE DATOS A LOCAL LDA (RLIN)
a 20/11/2013 9:57:45 a.m.

No items available.

© 2024. Todos los Derechos Reservados. Desarrollado por IDEICE